000 01165naa a22003377a 4500
001 BR9510662
003 BR-BrBNA
005 20240918181758.0
007 ta
008 230509b bl.||||| |||| 00| 0 por d
040 _aBR-BrBNA
_bpor
_cBiblioteca Nacional de Agricultura
041 _a(Pt)
072 _aH20
_b2480
_b4120
090 _aH20 BR9510662
100 1 _aConduru Neto, J.M.H.
100 1 _aPinheiro, E.
100 1 _aRubio, D.C.
111 1 _a3. Seminario Nacional da Seringueira
_cManaus, AM (Brazil)
_d23-29 Jun 1980
245 1 _aAvaliacao preliminar de termonebulizadores utilizados para controlar o mal-das-folhas no estado do Para
260 3 _aBrasilia, DF (Brasil):
_c1980.
500 _aAnais do 3. Seminario Nacional da Seringueira Brasilia, DF (Brasil): 1980. p. 82-100 (BR9510662-AM)H20
650 _aSeringueira
650 _aFungo
650 _aMal das Folhas
650 _aFungicida
650 _aControle Quimico
650 _aPara
773 0 _tAnais do 3. Seminario Nacional da Seringueira
_b
_wH20 BR9510662
_gBrasilia, DF (Brasil), 1980. p. 82-100
909 _a202404
_bLucia
_c55
_dLucia Elande
942 _cAM
_2AGRIS
999 _c326784
_d326784